Enciclopedia de arquitectura Plazola : volumen 3 /

Obra en diez volúmenes, que aunque construida alfabéticamente, tiene un contenido temático. En las letras correspondientes a cada volumen se seleccionan algunos tipos de edificios o espacios arquitectónicos y se les desarrolla detalladamente; también incluye artículos sobre la arquitectura de alguno...

詳細記述

保存先:
書誌詳細
第一著者: Plazola Cisneros, Alfredo (autor)
その他の著者: Plazola Anguiano, Alfredo (autor) (autor), Plazola Anguiano, Guillermo (autor) (autor)
フォーマット: 図書
言語:スペイン語
出版事項: México : Plazola : Noriega, 1996, c1996
主題:
タグ: タグ追加
タグなし, このレコードへの初めてのタグを付けませんか!

MARC

LEADER 00000nam^a2200000^a^4500
001 000109958
005 20250521000000.0
009 20260310093740.096
020 |a 968-7478-03-6 
037 |a Acervo ITESO - Biblioteca 
041 |a ESP 
082 |a 720. 3  |b PLA V. 3 
100 |a Plazola Cisneros, Alfredo  |e (autor) 
240 1 1 |a [Enciclopedia de arquitectura Plazola] 
245 1 0 |a Enciclopedia de arquitectura Plazola :  |b volumen 3 /  |c A. Plazola Cisneros, A. Plazola Anguiano, G. Plazola Anguiano. 
264 4 |a México :  |b Plazola :  |b Noriega,  |c 1996, c1996 
300 |a 688 p. 
336 |a texto  |b txt  |2 rdacontenido 
337 |a sin mediación  |b n  |2 rdamedio 
338 |a volumen  |b nc  |2 rdasoporte 
520 |a Obra en diez volúmenes, que aunque construida alfabéticamente, tiene un contenido temático. En las letras correspondientes a cada volumen se seleccionan algunos tipos de edificios o espacios arquitectónicos y se les desarrolla detalladamente; también incluye artículos sobre la arquitectura de algunos países y datos sobre arquitectos particulares. 
649 |a XX 
650 |a Cementerios 
650 |a Cines 
650 |a Centros Culturales 
650 |a Locales Comerciales y de Servicios 
650 |a Industria Editorial 
650 |a Carreteras y Autopistas 
650 |a Comunicaciones y Tránsito 
650 |a Construcción -  |x Enciclopedias y Diccionarios 
650 |a Arquitectura -  |x Enciclopedias y Diccionarios 
650 |a Ingeniería Civil -  |x Enciclopedias y Diccionarios 
700 |a Plazola Anguiano, Alfredo  |e (autor) 
700 |a Plazola Anguiano, Guillermo  |e (autor) 
910 |a Fondo General 
920 |a Impresos - Libros 
930 |a Obras de Referencia 
905 |a 102 
901 |a 0500046503  |b IT2  |c REF  |u 20250521 
902 |a https://opac.biblio.iteso.mx/vufind/Record/000109958